PROFESIONALISM PROFESSIONAL VELUES & ETHICS FOR BSC NURSING STUDENTS (Record no. 27552)

MARC details
000 -LEADER
fixed length control field 00454nam a22001817a 4500
003 - CONTROL NUMBER IDENTIFIER
control field SGT
020 ## - INTERNATIONAL STANDARD BOOK NUMBER
International Standard Book Number 978934525078
082 ## - DEWEY DECIMAL CLASSIFICATION NUMBER
Classification number 610.73
Item number P24L
100 ## - MAIN ENTRY--PERSONAL NAME
Personal name LOHUMI, SHAMA
245 ## - TITLE STATEMENT
Title PROFESIONALISM PROFESSIONAL VELUES & ETHICS FOR BSC NURSING STUDENTS
250 ## - EDITION STATEMENT
Edition statement 1ST
260 ## - PUBLICATION, DISTRIBUTION, ETC. (IMPRINT)
Place of publication, distribution, etc INDIA
Name of publisher, distributor, etc CBS PUB
Year of Publication 2024
300 ## - PAGE DESCRIPTION
No. of Pages 200
650 ## - SUBJECT ADDED ENTRY--TOPICAL TERM
Topical term or geographic name as entry element NURSING BOOK
653 ## - KEYWORDS--INDEX TERM
Keyword term PROFESIONALISM
653 ## - KEYWORDS--INDEX TERM
Keyword term PROFESSIONAL VELUES & ETHICS
942 ## - ADDED ENTRY ELEMENTS (KOHA)
Source of classification or shelving scheme Dewey Decimal Classification
Koha item type Books
Holdings
Withdrawn status Lost status Source of classification or shelving scheme Damaged status Not for loan Collection code Home library Current library Shelving location Date acquired Vendor Name Cost, normal purchase price SGTU Bill Number Full call number Accession No. (Barcode) Date last seen Bill Date Koha item type Total Checkouts Date last borrowed
    Dewey Decimal Classification   Not For Loan NURSING SGT Medical Library SGT Medical Library Reference Book 29/08/2024 ABC DELHI 450.00 SGTU 19450 610.73 P24L FN5776 21/11/2024 29/08/2024 Books    
    Dewey Decimal Classification     NURSING SGT Medical Library SGT Medical Library Text Book 29/08/2024 ABC DELHI 450.00 SGTU 19450 610.73 P24L FN5777 04/06/2026 29/08/2024 Books 6 21/05/2026
    Dewey Decimal Classification     NURSING SGT Medical Library SGT Medical Library Text Book 29/08/2024 ABC DELHI 450.00 SGTU 19450 610.73 P24L FN5778 04/06/2026 29/08/2024 Books 5 21/05/2026
    Dewey Decimal Classification     NURSING SGT Medical Library SGT Medical Library Text Book 29/08/2024 ABC DELHI 450.00 SGTU 19450 610.73 P24L FN5779 02/06/2026 29/08/2024 Books 4 20/05/2026
    Dewey Decimal Classification     NURSING SGT Medical Library SGT Medical Library Text Book 29/08/2024 ABC DELHI 450.00 SGTU 19450 610.73 P24L FN5780 04/06/2026 29/08/2024 Books 4 25/05/2026